00440nam a22000977a 4500008004100000010001400041245008500055260000900140500005900149500013400208110607t xxu||||| |||| 00| 0 eng d aSCCAF- 8b aSupreme Court of Civil Appeal No.14 0f 2002 Mohan Musisi Kiwanuka Vs Asha Chand. c2002 aCoram: Oder,Tsekooko , Karokora, Mulenga , Kato J.J.SC 3Appeal from the judgment of the Court of Appeal of Uganda - Kikonyogo DCJ, Engwau, Twinomujuni, (JJ.A) Kampala, dated 8 may, 2002